Principles of corporate renewal /

Bibliographic Details
Main Author: Platt, Harlan D., 1950-
Format: Book
Language:English
Published: Ann Arbor : University of Michigan Press, [2004]
Edition:2nd ed.
Subjects:

MARC

Tag First Indicator Second Indicator Subfields
LEADER 00000pam a22000004a 4500
001 in00002000370
005 20151031125309.0
008 031022s2004 miua b 001 0 eng
010 |a  2003063390 
020 |a 0472113666 (cloth : alk. paper) 
035 |a (OCoLC)ocm53369095 
040 |a DLC  |c DLC  |d TXA  |d UtOrBLW 
042 |a pcc 
049 |a TXAM 
050 0 0 |a HD58.8  |b .P576 2004 
082 0 0 |a 658.4/063  |2 22 
100 1 |a Platt, Harlan D.,  |d 1950- 
245 1 0 |a Principles of corporate renewal /  |c Harlan D. Platt. 
250 |a 2nd ed. 
264 1 |a Ann Arbor :  |b University of Michigan Press,  |c [2004] 
264 4 |c ©2004 
300 |a xx, 404 pages :  |b illustrations ;  |c 24 cm. 
336 |a text  |b txt  |2 rdacontent 
337 |a unmediated  |b n  |2 rdamedia 
338 |a volume  |b nc  |2 rdacarrier 
504 |a Includes bibliographical references (pages 389-398) and index. 
650 0 |a Corporate turnarounds. 
948 |a cataloged  |b h  |c 2004/10/27  |d c  |e dmitchel  |f 9:30:20 am 
994 |a E0  |b TXA 
999 |a MARS 
999 f f |s ca587cf4-5a1f-37df-ac27-39101b6f6249  |i a8e92f0e-c66f-3096-862c-3c4a441c62ab  |t 0 
952 f f |p ric  |a Texas A&M University  |b Rellis Campus  |c Joint Library Facility  |d Remote Storage  |t 0  |e HD58.8 .P576 2004  |h Library of Congress classification  |i unmediated -- volume  |m A14831583020 
998 f f |a HD58.8 .P576 2004  |t 0  |l Remote Storage